00397nam a2200157Ia 450000500170000000800410001702000150005805000280007310000160010124500380011726000300015530000330018544000060021852100070022452600080023120140405103443.0140130s9999 xx 000 0 und d a059046132x aQH 541.5.S3 b.B28 1992 aBaker, Kucy cKucy Baker.aLife in the oceans / bScholastic,c1992.aUSA : a30 p. :bcol. ill. ;c24 cm. v1 aG8 c940